Catálogo
 En Linea

La isla de las navajas y otros cunetos / (Registro nro. 41621)

Detalles MARC
000 -CABECERA
campo de control de longitud fija 00709nam a2200193 a 4500
001 - NÚMERO DE CONTROL
campo de control 000042132
005 - FECHA Y HORA DE LA ÚLTIMA TRANSACCIÓN
campo de control 20201002035947.0
008 - DATOS DE LONGITUD FIJA--INFORMACIÓN GENERAL
campo de control de longitud fija 131114s2009 gt 000 0 spa d
020 ## - NÚMERO INTERNACIONAL ESTÁNDAR DEL LIBRO
Número Internacional Estándar del Libro 9789992212769
040 ## - FUENTE DE LA CATALOGACIÓN
Centro catalogador/agencia de origen DO-SdBNP
Lengua de catalogación spa
Centro/agencia transcriptor BNPHU
100 1# - ENTRADA PRINCIPAL--NOMBRE DE PERSONA
Nombre de persona Monteforte Toledo, Mario.
9 (RLIN) 69115
245 10 - MENCIÓN DE TÍTULO
Título La isla de las navajas y otros cunetos /
Mención de responsabilidad, etc. Mario Monteforte Toledo; edición José Luis Perdomo Orellana.
260 ## - PUBLICACIÓN, DISTRIBUCIÓN, ETC.
Lugar de publicación, distribución, etc. Guatemala :
Nombre del editor, distribuidor, etc. Fundación Maria Monteporte Toledo,
Fecha de publicación, distribución, etc. 2009.
300 ## - DESCRIPCIÓN FÍSICA
Extensión 157 p. ;
Dimensiones 22 cm.
490 1# - MENCIÓN DE SERIE
Mención de serie Mario Monteforte Toledo
Designación de volumen o secuencia 9
700 1# - PUNTO DE ACCESO ADICIONAL--NOMBRE DE PERSONA
Nombre de persona Perdomo Orellana, José Luis
Término indicativo de función/relación ed.
9 (RLIN) 69116
710 2# - PUNTO DE ACCESO ADICIONAL--NOMBRE DE ENTIDAD CORPORATIVA
Nombre de entidad corporativa o nombre de jurisdicción como elemento de entrada Fundación Maria Monteporte Toledo
9 (RLIN) 69117
830 #0 - PUNTO DE ACCESO ADICIONAL DE SERIE-TÍTULO UNIFORME
Título uniforme Mario Monteforte Toledo
Designación de volumen o secuencia 9
9 (RLIN) 69118
Existencias
Estado de retiro Estado de pérdida Restricciones de uso No para préstamo Código de colección Localización permanente Ubicación/localización actual Ubicación en estantería Fecha de adquisición Número de inventario Total de préstamos Signatura topográfica completa Código de barras Fecha visto por última vez Precio válido a partir de Tipo de ítem Koha
      Excluido de préstamo Monografías: Libros y Folletos General General En catalogación 14.11.2013 LF1   42132-10 25.06.2020 25.06.2020 No se presta

Con tecnología Koha